MARC-Details
| 000 -Satzkennung |
| Kontrollfeld mit fester Länge |
02388nam a22004333i 4500 |
| 001 - Kontrollnummer |
| Kontrollfeld |
EBC6576324 |
| 003 - Kontrollnummer Identifier |
| Kontrollfeld |
MiAaPQ |
| 005 - Datum und Zeit der letzten Transaktion |
| Kontrollfeld |
20240312203055.0 |
| 007 - Feld mit fester Länge zur physischen Beschreibung - Allgemeine Information |
| Kontrollfeld mit fester Länge |
cr cnu|||||||| |
| 008 - Feld mit fester Länge zur physischen Beschreibung - Allgemeine Angaben |
| Kontrollfeld mit fester Länge |
220701s2021 xx o ||||0 eng d |
| 020 ## - Internationale Standardbuchnummer |
| Internationale Standardbuchnummer |
9780674259263 |
| Nähere Angaben |
(electronic bk.) |
| 020 ## - Internationale Standardbuchnummer |
| Gelöschte/ungültige ISBN |
9780674251649 |
| 040 ## - Katalogisierungsquelle |
| Original-Katalogisierungsstelle |
MiAaPQ |
| Katalogisierungssprache |
eng |
| Übertragungsstelle |
MiAaPQ |
| 100 1# - Haupteintragung - Personenname |
| Personenname |
Ironside, Kristy. |
| Koha-Normdatenidentnummer |
8011 |
| Funktionsbezeichnungscode |
aut |
| Funktionsbezeichnung |
author |
| 245 12 - Titel |
| Titel |
A full-value ruble : |
| Zusatz zum Titel |
the promise of prosperity in the postwar Soviet Union. |
| Verfasserangabe etc. |
Kristy Ironside |
| 264 #1 - Produktion, Veröffentlichung, Distribution, Herstellung und Urheberrechtsvermerk |
| Herstellungs-, Veröffentlichungs- Vertriebs-, Erzeugungsort |
Cambridge : |
| Produzent, Herausgeber, Distributor, Hersteller |
Harvard University Press, |
| Datum der Herstellung, der Veröffentlichung, des Vertriebs oder des Urheberschutzvermerks |
2021. |
| 264 #4 - Produktion, Veröffentlichung, Distribution, Herstellung und Urheberrechtsvermerk |
| Datum der Herstellung, der Veröffentlichung, des Vertriebs oder des Urheberschutzvermerks |
©2021. |
| 300 ## - Physische Beschreibung |
| Umfang |
1 online resource (321 pages) |
| 336 ## - Inhaltstyp |
| Inhaltstypterm |
Text |
| Inhaltstypcode |
txt |
| Quelle |
rdacontent |
| 337 ## - Medientyp |
| Bezeichnung des Medientyps |
Computermedien |
| Medientypcode |
c |
| Quelle |
rdamedia |
| 338 ## - Datenträgertyp |
| Datenträgertypbezeichnung |
Online Resource |
| Datenträgertypcode |
cr |
| Quelle |
rdacarrier |
| 490 1# - Gesamttitelangabe |
| Gesamttitelangabe |
Harvard Historical Studies; Ser. ; |
| Bandnummer/Folgebezeichnung |
v.number 191 |
| 500 ## - Allgemeine Fußnote |
| Allgemeine Fußnote |
E-Book-ProQuest / Fernzugriff nach Registrierung möglich |
| 505 0# - Fußnote zu strukturierten Inhaltsangaben |
| Fußnote zu strukturierten Inhaltsangaben |
Cover -- Title Page -- Copyright -- Contents -- Note on Currency and on Institutions -- Note on Translation and Transliteration -- Glossary of Key Terms -- Timeline of Important Events -- Introduction: The Ruble and Soviet Prosperity -- 1. Our Low-Price Guarantee -- 2. Income Redistribution without "Leveling" -- 3. Socialist Security -- 4. All Your Wages in Hand -- 5. Real Returns -- Conclusion: Prosperity Postponed -- Appendixes -- Notes -- Bibliography -- Acknowledgments -- Index. |
| 520 ## - Fußnote zu Zusammenfassungen usw. |
| Fußnote zur Zusammenfassung usw. |
Money did not become obsolete under Communism. The ruble remained a key feature of Soviet life. After World War II, money became an essential tool of the Soviet government. A strong ruble represented the nation's promise of future prosperity, but its failure to deliver improved purchasing power undermined popular confidence in Communism. |
| 650 #4 - Nebeneintragung unter einem Schlagwort - Sachschlagwort |
| Sachschlagwort oder geografischer Name als Eintragungselement |
Lebensstandard |
| Koha-Normdatenidentnummer |
8688 |
| 650 #4 - Nebeneintragung unter einem Schlagwort - Sachschlagwort |
| Sachschlagwort oder geografischer Name als Eintragungselement |
Lebensunterhalt |
| Koha-Normdatenidentnummer |
8689 |
| 650 #4 - Nebeneintragung unter einem Schlagwort - Sachschlagwort |
| Sachschlagwort oder geografischer Name als Eintragungselement |
Lebensbedingungen |
| Koha-Normdatenidentnummer |
4469 |
| 650 #4 - Nebeneintragung unter einem Schlagwort - Sachschlagwort |
| Sachschlagwort oder geografischer Name als Eintragungselement |
Soziale Situation |
| 651 ## - Nebeneintragung unter einem Schlagwort - Geografischer Name |
| Geografischer Name |
Sowjetunion |
| Koha-Normdatenidentnummer |
127 |
| 655 #4 - Indexierungsterm - Genre/Form |
| Genre/Form oder fokussierter Term |
|
| 655 ## - Indexierungsterm - Genre/Form |
| Genre/Form oder fokussierter Term |
Fernzugriff |
| Koha-Normdatenidentnummer |
230 |
| 776 08 - Andere physische Form |
| Verweisungsphrase |
Print version: |
| Haupteintragung |
Ironside, Kristy |
| Titel |
A Full-Value Ruble |
| Ort, Verlag und Erscheinungsjahr |
Cambridge : Harvard University Press,c2021 |
| Internationale Standardbuchnummer |
9780674251649 |
| 830 #0 - Nebeneintragung unter dem Gesamttitel - Einheitstitel |
| Einheitstitel |
Harvard Historical Studies; Ser. |
| Koha-Normdatenidentnummer |
8012 |
| 856 40 - Elektronische Adresse und Zugriff |
| URL |
<a href="https://ebookcentral.proquest.com/lib/maxweberstiftung-ebooks/detail.action?docID=6576324">https://ebookcentral.proquest.com/lib/maxweberstiftung-ebooks/detail.action?docID=6576324</a> |
| OPAC-Notiz |
Volltext |
| 942 ## - Zusätzliche Felder (Koha) |
| Koha-Medientyp |
E-Books |
| Klassifikation oder Aufstellungssystematik |
Andere/Generische Klassifikation |